دليل متحف القيقب
محفوظ في:
المؤلف الرئيسي:
مؤلفون آخرون:
التنسيق: كتاب
اللغة: Undetermined
منشور في:
Tripoli, Lebanon
maslahat alathar, al'iidarat aleamat lilbuhuth altarbawia
الوسوم: إضافة وسم
لا توجد وسوم, كن أول من يضع وسما على هذه التسجيلة!
رقم الطلب:
| LEADER | 00405nam a2200121Ia 4500 | ||
|---|---|---|---|
| 008 | 240503s9999||||xx |||||||||||||| ||und|| | ||
| 100 | 1 | |a بريك عطية الجطيلي | |
| 245 | 1 | 0 | |a دليل متحف القيقب |
| 264 | 1 | |a Tripoli, Lebanon |b maslahat alathar, al'iidarat aleamat lilbuhuth altarbawia | |
| 300 | |a Unnumbered |c 24 | ||
| 700 | 1 | |a صالح ونيس عبد النبي | |
| 942 | |2 lcc |c BK | ||
| 999 | |c 58357 |d 58357 | ||
